000 004250000a22001210004500
090 _aAS
_bSeriadas
245 1 0 _aNueva especie colombiana del género Centrolene Jimenez de la espada 1872 (<Amphibia: Anura>) y redefinición del género
041 0 _aEspañol
700 1 _aHernández Camacho, Jorge Ignacio
_93657
100 1 _aRuíz G., Pedro M.
_999363
942 _cARTICULO
773 1 _tCaldasia
_345
_h71-75
_q431-444
_d1986
_g15
999 _c14874
_d14874